000 00641nam a2200181Ia 4500
008 090124s9999 xx 000 0 und d
082 _b2278
_a56
100 _aटिपणीस गो.गो.
245 _a कौटिलीय अर्थशास्त्र-प्रदीप
250 _a1
260 _c1923
300 _a204
600 _aटिपणीस गो.गो.
630 _a कौटिलीय अर्थशास्त्र-प्रदीप
700 _aटिपणीस गो.गो.
730 _a कौटिलीय अर्थशास्त्र-प्रदीप
942 _cBOOK
999 _c116224
_d116224